Online
Catalog

El profético melville : (Record no. 2652)

MARC details
000 -CABECERA
campo de control de longitud fija 00707cam a2200205 a 4500
001 - NÚMERO DE CONTROL
campo de control 000002818
005 - FECHA Y HORA DE LA ÚLTIMA TRANSACCIÓN
campo de control 20200929150250.0
008 - DATOS DE LONGITUD FIJA--INFORMACIÓN GENERAL
campo de control de longitud fija 790103s1979 mx b 001 0 spa
040 ## - FUENTE DE LA CATALOGACIÓN
Centro catalogador/agencia de origen DO-SdBNP
Lengua de catalogación spa
Centro/agencia transcriptor BNPHU
082 ## - NÚMERO DE LA CLASIFICACIÓN DECIMAL DEWEY
Número de clasificación 813.3
Número de documento/Ítem S553p
100 1# - ENTRADA PRINCIPAL--NOMBRE DE PERSONA
Nombre de persona Sherrill, Rowland A.
9 (RLIN) 8909
240 14 - TÍTULO UNIFORME
Título uniforme The prophetic Melville. /
245 13 - MENCIÓN DE TÍTULO
Título El profético melville :
Resto del título experiencia, trascendencia y tragedia /
Mención de responsabilidad, etc. Rowland A. Sherrill.
260 ## - PUBLICACIÓN, DISTRIBUCIÓN, ETC.
Lugar de publicación, distribución, etc. México :
Nombre del editor, distribuidor, etc. Noema,
Fecha de publicación, distribución, etc. 1979.
300 ## - DESCRIPCIÓN FÍSICA
Extensión 219 p. ;
Dimensiones 22 cm.
500 ## - NOTA GENERAL
Nota general Incluye índice.
600 14 - PUNTO DE ACCESO ADICIONAL DE MATERIA--NOMBRE DE PERSONA
Nombre de persona MELVILLE, HERMAN,
Fechas asociadas al nombre 1819-1891
Subdivisión general CRÍTICA E INTERPRETACIÓN
9 (RLIN) 8910
600 14 - PUNTO DE ACCESO ADICIONAL DE MATERIA--NOMBRE DE PERSONA
Nombre de persona MELVILLE, HERMAN,
Fechas asociadas al nombre 1819-1891
Subdivisión general RELIGIÓN
9 (RLIN) 8911
650 #4 - PUNTO DE ACCESO ADICIONAL DE MATERIA--TÉRMINO DE MATERIA
Término de materia o nombre geográfico como elemento de entrada Literatura estadounidense
9 (RLIN) 263
Holdings
Estado de retiro Estado de pérdida Restricciones de uso No para préstamo Código de colección Localización permanente Ubicación/localización actual Ubicación en estantería Fecha de adquisición Número de inventario Total de préstamos Signatura topográfica completa Código de barras Fecha visto por última vez Precio válido a partir de Tipo de ítem Koha
    Préstamo interno   Monografías: Libros y Folletos General General Depósito 03.07.2009 LF1   813.3 S553p 2818-10 25.06.2020 25.06.2020 Préstamo interno
  Extraviado   Excluido de préstamo Monografías: Libros y Folletos Patrimonio Dominicano Patrimonio Dominicano Extraviado 03.04.2017 LF1   813.3 S553p 2818-20 25.06.2020 25.06.2020 No se presta

Powered by Koha